Регионална библиотека "Любен Каравелов" - Русе

La QUESTION Bulgare et les Etats balkaniques (Запис номер 344779)

MARC детайли
000 -Лидер
Контролно поле с фиксирана дължина 01301nam a2200325 c 4500
003 - Код на организацията, давaща контролен номер
Контролно поле BLK
005 - Дата и час на последна редакция
Контролно поле 20190913121317.0
008 - Елементи от данни с фиксирана дължина
fixed length control field 180911b bul|||||r ||||||| ||bul||
010 ## - Наследен системен номер
LC control number 004445
040 ## - Източник на каталожния запис
Идентификатор на билиотеката - собственик на записа BLK
041 ## - Код за език
Код за езика на текст/звукозапис или на отделно заглавие Френски
080 ## - УДК
УДК - код + определител 949.72(093)949.7(093)
100 1# - Редна дума - Автор
Автор
Авторска отговорност първи автор
245 10 - Сведения за заглавието
Заглавие La QUESTION Bulgare et les Etats balkaniques
246 ## - Различни форми на заглавието
Паралелно заглавие Expose et documents
Подзаглавни данни QUESTION Bulgare
260 ## - Област на издателските данни
Място на издаване, разпространение и проч. Sofia
Година на издаване 1919
Печатница Impr. de l`Etat
300 ## - Физическа характеристика
Страници VIII, 319 с. : с ил., 2 л
Илюстрации и др. ил., 14 л. : к.
Размери/Мащаб 31 см
380 ## - Жанр
Жанр История
490 ## - СЕРИИ (Колекции)
Име на серия Частна колекция - Академик Михаил Арнаудов
Бележки за серията Дарение - Основен фонд
501 ## - Забележка „подвързано към”
Забележка: Подвързано към... Инв.Х 589653 е само текст на експозето : с. 1-115
520 ## - Забележка за наличие на резюме, анотация и т.н
Анотация, рецензия, сканиран текст Михаил Арнаудов: подпис
520 ## - Забележка за наличие на резюме, анотация и т.н
Анотация, рецензия, сканиран текст Михаил Арнаудов: негови-книга
520 ## - Забележка за наличие на резюме, анотация и т.н
Анотация, рецензия, сканиран текст Датиране на книгата : Само Expose - 17. III.919 инв.Х 589653 и Expose et dokuments - април 1919 инв.Х 589483
650 #4 - Допълнително описание по предмет – тема
Основно описание – тема или топоним История
650 ## - Допълнително описание по предмет – тема
Основно описание – тема или топоним Балкански страни
650 ## - Допълнително описание по предмет – тема
Основно описание – тема или топоним Балкански страни
655 ## - Ключова дума – жанр/разновидност
Данни за жанр/разновидност или ключова дума за фокус българска история
852 ## - Местоположение
Форматна сигнатура МА 2980
942 ## - АРТИКУЛИ
Вид на библиотечния материал Книги
Скрит в OPAC Не
944 ## - СЪЗДАВАНЕ И РЕДАКЦИЯ на ЗАПИСА
Създаване/Редакция Създаване
Дата на регистрацията/редакция 1994
999 ## - СИСТЕМНИ КОНТРОЛНИ НОМЕРА
Koha biblionumber 344779
Koha biblioitemnumber 344779
Наличности
Код за отписване Код за изгубен артикул Източник на класификационната схема Код за повреда Коз за рестрикции Код за отдаване Артикулен № Име на библиотеката - собственик Име на библиотеката, в която се намира в момента Статус (Текущо местоположение) Местоположение - отдел Цена в лева Номерация (Хронология) Инвентарен номер Систематично азбучна сигнатура Баркод Номер на екземпляра Цена в евро Служебен тип на артикула Бележка за публиката
  Не е изгубен Universal Decimal Classification Не е повреден без рестрикции Специални фондове ( старопечатни, редки и ценни, фонд М. Арнаудов) 745252 Регионална библиотека "Любен Каравелов" Русе Регионална библиотека "Любен Каравелов" Русе Фонд "Михаил Арнаудов" Фонд "Михаил Арнаудов" 15.00   589653 МА 2980 120000589653 1 7.67 Книги
  Не е изгубен Universal Decimal Classification Не е повреден без рестрикции Специални фондове ( старопечатни, редки и ценни, фонд М. Арнаудов) 745253 Регионална библиотека "Любен Каравелов" Русе Регионална библиотека "Любен Каравелов" Русе Фонд "Михаил Арнаудов" Фонд "Михаил Арнаудов" 100.00   589483 МА 2980 120000589483 2 51.13 Книги  
  Не е изгубен Universal Decimal Classification Не е повреден без рестрикции Специални фондове ( старопечатни, редки и ценни, фонд М. Арнаудов) 745254 Регионална библиотека "Любен Каравелов" Русе Регионална библиотека "Любен Каравелов" Русе Фонд "Михаил Арнаудов" Фонд "Михаил Арнаудов" 80.00   591031 МА 2980 120000591031 3 40.90 Книги  
Vip Innovations Ltd, Rousse, Bulgaria 2025